MDQL
is popping MORE tags! Check the
thread
!
Quizzes
Events
Quiz Creation
Community
Videos
Private Events
Remove Ads
Sign In
Join for FREE
Feedback
Dark Mode
Quiz Categories
Sports
Geography
Music
Movies
Television
Just For Fun
Miscellaneous
History
Literature
Language
Science
Gaming
Entertainment
Religion
Holiday
For Kids
Quiz Lab
Recent
Popular Today
Quiz Kudos Today
Editor Picks
Curator Picks
Quizzes by...
Day
Popularity
Type
Ratings
Length
Year
Community
Subscriptions
Recent Discussions
Orange Saloon
Badges
Playlists
Quests
Create
Leaderboards
Showdown
Live 5
Trivia Bingo
Activity
Puzzle Library
Sporcle Events
Private Events
Virtual Trivia
Globe League
Become a Host
Pub Owners
SporcleCon
Opinionation
Our Games
Videos
Blog
Mobile Apps
Partnerships
Remove Ads and Go Orange
Feedback
Music
Pop Music
The Beatles
Song
Album
Lyrics
Bands
Singers
Artist
Clip
Rock
Rap
Classical
Billboard
Country Music
Kpop
Taylor Swift
Music
Pop Music
The Beatles
Song
Album
Lyrics
Bands
Singers
Artist
Clip
Rock
Rap
Classical
Billboard
Country Music
Kpop
Taylor Swift
Random Quiz
Search Sporcle
×
Quiz Lab
Quiz Lab
Music
Lyrics
Type in answers that appear in a list
Type in answers that appear in a list
Classic
Best Score? Go Orange.
Heavy metal lyrics Stats
Can you name the the heavy metal classics by lyric?
By
IkSpaarKoekjes
10m
18 Questions
392 Plays
392 Plays
392 Plays
Comments
Comments
Give Quiz Kudos
Give Quiz Kudos
-
- Ratings
hide this ad
Random Order
Randomize order of answers
Randomize order of answers
Replay
Link that replays current quiz
Next Quiz
Link to next quiz in quiz playlist
You Got
0%
They Got
Avg Score
43%
Avg Friend Score
Upgrade to see
Score Distribution
Jump to the score distribution portion of the page
Score
0/18
Timer
10:00
0
Plays Today
lyric
band - song
% Correct
''We fought him hard /
We fought him well /
Out on the plains /
We gave him hell''
Iron Maiden - run to the hills
75.3%
''If you like to gamble /
I'll tell you I'm your man /
You win some, lose some /
All the same to me''
Motorhead - ace of spades
73.7%
''I can't remember anything /
can't tell of this is true or dream /
Deep down inside I feel to scream /
This terrible silence stops me''
Metallica - one
68.9%
''What do you mean, I hurt your feelings? /
I didn't know you had any feelings /
What do you mean I ain't kind? /
I'm just not your kind''
Megadeth - peace sells
62.8%
''Can't you see I'm easily bothered by persistence /
One step from lashing out at you /
You want in to get under my skin /
And call yourself a friend''
Pantera - walk
54.1%
''There I was completely wasting, out of work and down /
All inside it's so frustrating as I drift from town to town''
Judas Priest - breaking the law
53.6%
''When there's lightning /
You know it always brings me down /
'Cause it's free and I see that it's me /
who's lost and never found''
Dio - rainbow in the dark
53.1%
''Your cruel device /
Your blood like ice /
One look could kill /
My pain, your thrill''
Alice Cooper - poison
52%
''Tell your children not to walk my way /
Tell your children not to hear my words /
What they mean what they say''
Danzig - mother
43.6%
lyric
band - song
% Correct
''We've got the right to choose /
and there ain't no way we'll lose it /
This is our life, this is our song /
We'll fight the powers that be /
Just don't pick our destiny''
Twisted Sister - we're not gonna take it
41.6%
''An unforseen future nestled somewhere in time /
Unsuspecting victims no warnings, no signs /
Judgment day the second coming arrives /
Before you see the light you must die''
Slayer - south of heaven
38%
''I've listened to preachers, I've listened to fools /
I've watched all the dropouts who make their own rules''
Ozzy - crazy train
37.8%
''Can't stand it for another day /
I ain't gonna live my life this way /
Cold sweat, my fists are clenching /
Stomp stomp stomp, the idiot convention''
Anthrax - caught in a mosh
33.7%
''The world is full of kings and queens /
Who blind your eyes and steal your dreams ''
Black Sabbath - heaven & hell
32.1%
''You say our love is like dynamite /
Open your eyes 'cause it's like fire and ice /
Well you're killing me /
Your love's a guillotine /
Why don't you just set me free''
Motley Crue - too young to fall in love
19.9%
''She used to be an ironhorse, twenty years ago /
Used to bring the mail to me, through the ice and snow /
I've sat alone and watched her, steaming through the night''
Saxon - princess of the night
18.9%
''You say you don't wanna run and hide /
A face that no-
one knows /
And everyone ya meet, you're gonna show /
You're nobody's slave, nobody's chains are holdin' you''
Wasp - I wanna be somebody
13.8%
''By moonlight, we ride /
Ten thousands side by side /
With swords drawn, held high /
Our whips and armours shine''
Manowar - battle hymns
8.2%
Quiz Playlist
Details
Report
Send in Message
Add To Playlist
Classic:
Type in answers that appear in a list
Random Order:
Randomize order of answers
Last Updated: Feb 16, 2017
Quiz Scoreboard
CHALLENGE
Sign Up to Join the Scoreboard
Show All
Scores
Hide
Comments
May contain spoilers
Recently Published
Find the 'City' Movie
by crazypaving
Movies
60s
5x2 Blitz: Bands
by SL_Kpop136
Music
30s
Colored Red Africa Blitz
by spor1
Geography
30s
More to Explore
Quiz From the Vault
Featured Blog Post
14 Easter Pick-up Lines to Find Eggs With
hide this ad
You Might Also Like...
Tags
Lyrics Quiz
black
cause
classic
Finished
Heavy
metal
Sabbath
Woman
Today's Top Quizzes in Music
Browse Music
hide this ad
Today's Top Quizzes in Lyrics
Browse Lyrics
Top Contributed Quizzes in Music
1
5X2 Blitz: Bands II
2
Taylor Swift Logic Puzzle II
3
Taylor Swift All Songs (2024)
4
5X2 Blitz: The Beatles
5
5X2 Blitz: Billboard
6
5X2 Blitz: Singers
7
5X2 Blitz: Album
8
5X2 Blitz: Rock
9
Music Artist by Three 2010s hits
10
5X2 Blitz: Billboard II
Explore More
Trending Topics
Crossword
Anime
Disney
NBA
Kpop
Harry Potter
Marvel
Song
Puzzle
The Office
WWE
Country
Soccer
NFL
Pokémon
hide this ad
More By:
IkSpaarKoekjes
Quiz
Plays
Rating
Category
Featured
Created
heavy metal lyrics
392
2.00
Music
Sep 22, 2010
Go to Creator's Profile
Score Distribution
Quiz Creator Spotlight
IkSpaarKoekjes
Follow
Send a Message
Quizzes Created
-
Created Quiz Play Count
-
More By This Creator
Popular Quizzes Today
1
Colored Red Africa Blitz
2
Find the 'City' Movie
3
5x2 Blitz: Bands
4
Find the US States - No Outlines Minefield
5
The Countries of the World
6
Find the US States
7
9x9 Crossword: Cartoon Network
8
US States
More Music Quizzes
Band Member Click: Pet Shop Boys
Quiz Lab
Trending Quizzes
Colored Red Europe Blitz I
Colored Red Africa Blitz II
Colored Red Africa Blitz III
Colored Red Europe Blitz III
Colored Red Europe Blitz II
Recently Updated
Champions League XIs: Real Madrid
pecheneg
Largest US Cities 1790-2010
pecheneg
Rides in Walt Disney World
pecheneg
Most Oscar Losses (Acting)
pecheneg
Beyoncé Albums
pecheneg
Leaping Animals
pecheneg
Reality TV Shows (A-Z)
bhenderson79
Rickey Henderson's Hall of Fame Teammates
pecheneg
Champions League XIs: Arsenal
pecheneg
Quick Pick: Celebrities in WWE's Hall of Fame
aduchscher
Trending Topics
NBA
Disney
Anime
Crossword
Kpop
Harry Potter
Marvel
Country
WWE
Pokémon
The Office
Puzzle
Soccer
NFL
Song
Your Account Isn't Verified!
In order to create a playlist on Sporcle, you need to verify the email address you used during registration. Go to your
Sporcle Settings
to finish the process.
Report this User
Report this user for behavior that violates our
Community Guidelines
.
Details:
Send Report
Go to the Sporcle.com Mobile Site →
Comments